000
00485nam a2200133Ia 4500
008
100328s9999 xx 000 0 und d
082
_b
29708
100
_a
देवकुळे ज. ग.
245
_a
आपला व्यवसाय आपले ग्राहक
260
_b
स्मृति
630
_a
आपला व्यवसाय आपले ग्राहक
730
_a
आपला व्यवसाय आपले ग्राहक
942
_c
BOOK
999
_c
520720
_d
520717